<?xml version="1.0" encoding="UTF-8"?>
<collection xmlns="http://www.loc.gov/MARC21/slim">
 <record>
  <leader>00549nam a22001455a 4500</leader>
  <controlfield tag="001">EUN.um021410</controlfield>
  <controlfield tag="008">041125s1958####ag#a##########000#0#spa#d</controlfield>
  <controlfield tag="005">20201209113323.0</controlfield>
  <datafield tag="245" ind1="1" ind2="0">
   <subfield code="a">Causas y periodicidad de las grandes crecidas en el Río de La Plata (crecida del 27 y 28 de julio de 1958) /</subfield>
   <subfield code="c">Marciano A. Balay.</subfield>
  </datafield>
  <datafield tag="260" ind1=" " ind2=" ">
   <subfield code="a">Buenos Aires :</subfield>
   <subfield code="b">Servicio de Hidrografía Naval,</subfield>
   <subfield code="c">1958.</subfield>
  </datafield>
  <datafield tag="300" ind1=" " ind2=" ">
   <subfield code="a">35 p. :</subfield>
   <subfield code="b">ilus. ;</subfield>
   <subfield code="c">25 cm..</subfield>
  </datafield>
  <datafield tag="490" ind1="0" ind2=" ">
   <subfield code="a">H., 611</subfield>
  </datafield>
  <datafield tag="100" ind1="1" ind2=" ">
   <subfield code="a">Balay, Marciano A.</subfield>
  </datafield>
  <datafield tag="082" ind1="0" ind2="4">
   <subfield code="a">551.47</subfield>
  </datafield>
  <datafield tag="859" ind1=" " ind2=" ">
   <subfield code="a">Ar-BaUNS</subfield>
   <subfield code="b">BIB. CENTRAL - Sector C</subfield>
   <subfield code="h">551.47</subfield>
   <subfield code="i">B182</subfield>
   <subfield code="p">60621/971</subfield>
  </datafield>
 </record>
</collection>
